Credit Management Revision Kit (Record no. 2579)

MARC details
000 -LEADER
fixed length control field 00611nam a2200145 4500
022 ## - INTERNATIONAL STANDARD SERIAL NUMBER
ISSN 978998887811
050 ## - CALL NUMBER
Classification number HG3751.Ab8
100 ## - AUTHOR
Personal name Carl T. Abruquah
245 ## - TITLE
Title Credit Management Revision Kit
Statement of responsibility, etc Carl T. Abruquah
260 ## - PUBLICATION INFORMATION
Place of publication Accra
Name of publisher Chartered Institute of Bankers(GH)
Year of publication 2013
300 ## - DESCRIPTION
Number of Pages 152p
Other physical details vii, 152p, illus. 25cm
505 ## - FORMATTED CONTENTS NOTE
Table of Content Preface vii<br/>Syllabus 1<br/>Financial Analysis Tutorials 19<br/>Financial Forecasting Tutorials 23<br/>Revision Questions 29<br/>Exam Type Questions 47<br/>Solutions to exam type questions 83<br/>October 2012 Examination paper 135
650 ## - SUBJECTS
Topical Term Credit
General subdivision Management
942 ## - ADDED ENTRY ELEMENTS (KOHA)
Koha item type Books
Holdings
Withdrawn status Lost status Collection code Home library Current library Shelving location Date acquired Full call number Accession Number Koha item type
    Reference Methodist University Library Main Methodist University Library Main General Stacks 17/02/2017 HG3751.Ab8 4317 Books
Copyright © 2026  MUG Library